[Event "Xtracon Chess Open 2019"]
[Site "Helsingor DEN"]
[Date "2019.07.26"]
[Round "8.107"]
[White "Lye, Sigurd"]
[Black "Steenstrup, Svend"]
[Result "0-1"]
[WhiteElo "1593"]
[BlackElo "1924"]
[WhiteFideId "1539345"]
[BlackFideId "1409182"]
[EventDate "2019.07.20"]

1. e4 c5 2. Nf3 d6 3. Bb5+ Nc6 4. d4 cxd4 5. Qxd4 Bd7 6. Qd1 f5 7. exf5 Qa5+ 8.
Nc3 a6 9. Bxc6 bxc6 10. Nd4 Qe5+ 11. Be3 Nf6 12. Qe2 Nd5 13. Nxd5 Qxd5 14. O-O
c5 15. Ne6 Bxe6 16. fxe6 Qxe6 17. Qf3 Qc8 18. Rfe1 e5 19. Qg3 g6 20. f4 Bg7 21.
fxe5 O-O 22. exd6 Rf5 23. Rad1 Be5 24. d7 Qc7 25. Qh4 Rd8 26. g3 Rxd7 27. Qc4+
Kg7 28. Qxc5 Bxb2 29. Rxd7+ Qxd7 30. Qb4 Be5 31. Qd2 Qxd2 32. Bxd2 Bd4+ 33. Be3
Bc3 34. Rd1 Ra5 35. Rd3 Bb2 36. Rd7+ Kf6 37. Rxh7 Rxa2 38. c4 Kf5 39. c5 Ke4 40.
Bf2 Be5 41. c6 Rc2 42. c7 Bxc7 43. Re7+ Be5 44. Re6 a5 45. g4 Kd5 46. Rxg6 a4
47. Ra6 Ra2 48. Ra5+ Ke4 49. h4 Bc3 50. Ra7 Kf3 51. Rf7+ Kxg4 52. Rc7 Be5 53.
Kg2 Bd4 54. Rc4 Rxf2+ 55. Kh1 Kg3 56. Rc1 Rh2# 0-1

[Event "Xtracon Chess Open 2019"]
[Site "Helsingor DEN"]
[Date "2019.07.26"]
[Round "8.108"]
[White "Stromhaug, Kristoffer Wang"]
[Black "Mehringer, Joerg"]
[Result "0-1"]
[WhiteElo "1566"]
[BlackElo "1923"]
[WhiteFideId "1533401"]
[BlackFideId "12915351"]
[EventDate "2019.07.20"]

1. e4 e5 2. Nf3 Nc6 3. d4 exd4 4. Nxd4 Bc5 5. Be3 Qf6 6. c3 Qg6 7. f3 Nf6 8. c4
O-O 9. a3 Bxd4 10. Bxd4 Nxe4 11. Be3 Nf6 12. Kf2 Ne5 13. Bf4 d6 14. c5 Bf5 15.
cxd6 cxd6 16. Nc3 Rfe8 17. Bb5 Re7 18. Qd2 a6 19. Be2 Rd8 20. Bg5 Be6 21. Bf4
Ree8 22. Rhe1 Nh5 23. Be3 d5 24. Rad1 d4 25. Bxd4 Bb3 26. f4 Bxd1 27. Qxd1 Nxf4 0-1

[Event "Xtracon Chess Open 2019"]
[Site "Helsingor DEN"]
[Date "2019.07.26"]
[Round "8.109"]
[White "Petersen, Peter Birk"]
[Black "Nielsen, Palle"]
[Result "1/2-1/2"]
[WhiteElo "2158"]
[BlackElo "1806"]
[WhiteFideId "1401696"]
[BlackFideId "1408526"]
[EventDate "2019.07.20"]

1. e4 c5 2. Nf3 d6 3. d4 cxd4 4. Nxd4 Nc6 5. Nc3 Bd7 6. Be3 g6 7. Qd2 Bg7 8.
O-O-O a6 9. f3 Rc8 10. Kb1 b5 11. Nd5 Nxd4 12. Bxd4 Bxd4 13. Qxd4 f6 14. g4 Be6
15. Ne3 Qa5 16. a3 Qc7 17. h4 Qc5 18. h5 Qxd4 19. Rxd4 g5 20. h6 Rc5 21. Bd3 Kd7
22. a4 Bf7 23. axb5 axb5 24. b4 e5 25. bxc5 exd4 26. Bxb5+ Kc7 27. cxd6+ Kxd6
28. Nf5+ Kc5 29. Ba4 Bg6 30. Ng7 Kd6 31. Kc1 Ne7 32. Kd2 Ra8 33. Bb3 Ke5 34. Ke2
Ra3 35. Rd1 Nc6 36. Kf2 Na5 37. Bg8 Rc3 38. Rd2 Nc4 39. Bxc4 Rxc4 40. Kg3 Rc3
41. Re2 Bf7 42. Nf5 Be8 43. Rd2 Rc4 44. Rd1 Bc6 45. Ne7 Bd7 46. Rd2 Ba4 47. Nf5
Bxc2 48. Nxd4 Bxe4 49. Ne2 Bg6 50. Ra2 Rb4 51. Ra3 Rb1 52. Re3+ Kd6 53. Kg2 Rb2
54. Kg3 Rb1 1/2-1/2

[Event "Xtracon Chess Open 2019"]
[Site "Helsingor DEN"]
[Date "2019.07.26"]
[Round "8.110"]
[White "Ivarsson, Torbjorn"]
[Black "Lindgaard, Tobias Simon"]
[Result "1-0"]
[WhiteElo "2119"]
[BlackElo "1804"]
[WhiteFideId "1705865"]
[BlackFideId "1419820"]
[EventDate "2019.07.20"]

1. d4 Nc6 2. Nf3 d6 3. e4 g6 4. Be2 Bg7 5. d5 Nb8 6. Nc3 Nf6 7. h3 a6 8. O-O O-O
9. Be3 b5 10. Bd3 c5 11. e5 dxe5 12. Bxc5 Nbd7 13. Be3 b4 14. Ne4 Nxd5 15. Bc4
Nxe3 16. fxe3 Nb6 17. Bb3 h6 18. Qe1 a5 19. a4 Ba6 20. Rf2 Bc4 21. Bxc4 Nxc4 22.
b3 Nb6 23. Rd1 Qc7 24. Rfd2 f5 25. Ng3 Rad8 26. e4 f4 27. Nh1 Rd6 28. Nf2 Rfd8
29. Qe2 Nc8 30. Nd3 Na7 31. Qf2 Nc6 32. Qc5 R8d7 33. Nb2 Nd4 34. Qxc7 Rxc7 35.
Nc4 Ra6 36. Nfxe5 Bxe5 37. Nxe5 Nxc2 38. Rc1 Re6 39. Nxg6 Rxg6 40. Rcxc2 Rxc2
41. Rxc2 Rg3 42. Rc5 Rxb3 43. Rxa5 Ra3 44. Kf2 Kf7 45. Rb5 Rxa4 46. Kf3 Ra3+ 47.
Kxf4 b3 48. g3 Ke8 49. h4 Kd7 50. g4 Kc6 51. Rb8 Kc5 52. g5 hxg5+ 53. hxg5 Kc4
54. g6 e5+ 55. Kxe5 Ra7 56. Kf6 Ra6+ 57. Kg5 Ra7 58. Kh6 Ra1 59. g7 Rh1+ 60. Kg6
Rg1+ 61. Kf6 Kc3 62. g8=Q Rxg8 63. Rxg8 b2 64. Rb8 1-0

[Event "Xtracon Chess Open 2019"]
[Site "Helsingor DEN"]
[Date "2019.07.26"]
[Round "8.111"]
[White "Skjoldager, Per"]
[Black "Hansen, Tommy"]
[Result "1-0"]
[WhiteElo "2081"]
[BlackElo "1799"]
[WhiteFideId "1408828"]
[BlackFideId "1511009"]
[EventDate "2019.07.20"]

1. e4 d6 2. d4 Nf6 3. Nc3 Nbd7 4. Nf3 e5 5. Be2 Be7 6. O-O c6 7. a4 Qc7 8. Be3
h6 9. h3 Nf8 10. Nd2 g5 11. Re1 Ng6 12. Nf1 Nf4 13. Bf3 h5 14. Qd2 g4 15. hxg4
hxg4 16. Bd1 N6h5 17. Ng3 Bg5 18. Nce2 Nxe2+ 19. Nxe2 Bxe3 20. Qxe3 f6 21. Kf1
Qh7 22. Ng1 Nf4 23. g3 Qh2 24. gxf4 exf4 25. Qd2 f3 26. Bxf3 gxf3 27. Nxf3 Qh3+
28. Ke2 Bg4 29. Qf4 O-O-O 30. Rh1 Qg2 31. Rag1 Bxf3+ 32. Qxf3 Qxf3+ 33. Kxf3
Rxh1 34. Rxh1 Rf8 35. Kf4 Rf7 36. Kf5 Kd7 37. Rh8 d5 38. f3 a6 39. a5 Kd6 40.
Re8 dxe4 41. fxe4 Re7 42. Rxe7 Kxe7 43. e5 fxe5 44. dxe5 c5 45. c4 Kf7 46. e6+
Ke7 47. Ke5 Ke8 48. Kd6 Kd8 49. e7+ Ke8 50. Ke6 b5 51. axb6 a5 52. b7 1-0

[Event "Xtracon Chess Open 2019"]
[Site "Helsingor DEN"]
[Date "2019.07.26"]
[Round "8.112"]
[White "Zwisler, Lars Erik"]
[Black "Cramling Bellon, Anna"]
[Result "0-1"]
[BlackTitle "WFM"]
[WhiteElo "1789"]
[BlackElo "2030"]
[WhiteFideId "1418351"]
[BlackFideId "32009232"]
[EventDate "2019.07.20"]

1. d4 Nf6 2. Bf4 d5 3. e3 c5 4. c3 Nc6 5. Nf3 Qb6 6. Na3 c4 7. Qc1 Bf5 8. Ne5
Nxe5 9. dxe5 Nd7 10. Nc2 Nc5 11. Bg3 e6 12. h4 Be7 13. Qd2 Ne4 14. Qc1 Nxg3 15.
fxg3 Be4 16. b3 Rc8 17. bxc4 dxc4 18. Be2 Bxg2 19. Rb1 Qc7 0-1

[Event "Xtracon Chess Open 2019"]
[Site "Helsingor DEN"]
[Date "2019.07.26"]
[Round "8.113"]
[White "Viitaniemi, Olli"]
[Black "Tandrup, Michael"]
[Result "1/2-1/2"]
[WhiteElo "1778"]
[BlackElo "1962"]
[WhiteFideId "515361"]
[BlackFideId "1408356"]
[EventDate "2019.07.20"]

1. c4 c5 2. g3 g6 3. Bg2 Bg7 4. Nc3 Nc6 5. Nf3 d6 6. O-O e5 7. a3 Nge7 8. Rb1 a5
9. d3 O-O 10. Ne1 Be6 11. Nd5 Bd7 12. Bg5 f6 13. Bd2 Nxd5 14. Bxd5+ Kh8 15. b3
Bh3 16. Ng2 Qd7 17. Re1 Be6 18. Ne3 Bxd5 19. Nxd5 Qd8 20. b4 axb4 21. axb4 b6
22. Ra1 Rxa1 23. Qxa1 Ne7 24. Nc3 cxb4 25. Nd5 Nxd5 26. cxd5 e4 27. Bxb4 Re8 28.
dxe4 Rxe4 29. Qa3 Rd4 30. e4 f5 31. f3 fxe4 32. fxe4 Qe8 33. Bc3 Ra4 34. Bxg7+
Kxg7 35. Qxd6 Rxe4 36. Qc7+ Kg8 37. Rxe4 Qxe4 38. d6 Qe1+ 39. Kg2 Qe2+ 40. Kh3 1/2-1/2

[Event "Xtracon Chess Open 2019"]
[Site "Helsingor DEN"]
[Date "2019.07.26"]
[Round "8.115"]
[White "Rasmussen, Henning2"]
[Black "Linderod, Lars Erik"]
[Result "0-1"]
[WhiteElo "1757"]
[BlackElo "1961"]
[WhiteFideId "1410962"]
[BlackFideId "1435965"]
[EventDate "2019.07.20"]

1. d4 Nf6 2. c4 c5 3. d5 d6 4. Nc3 e5 5. e4 Be7 6. f4 Nfd7 7. Be2 Bf6 8. f5 g6
9. fxg6 hxg6 10. Nf3 Bh4+ 11. Kd2 Nb6 12. Kc2 Na6 13. a3 Bg4 14. Nxh4 Bxe2 15.
Qxe2 Qxh4 16. Bd2 O-O-O 17. h3 f5 18. b3 Kb8 19. Rhf1 f4 20. Qf3 Nd7 21. Qf2
Rdf8 22. Qxh4 Rxh4 23. Rf3 Nc7 24. Kd3 g5 25. Rff1 Nf6 26. Rf3 g4 27. hxg4 Rxg4
28. Rf2 Rfg8 29. Rg1 Nce8 30. Be1 Rg3+ 31. Ke2 Re3+ 32. Kf1 Nxe4 33. Nxe4 Rxe4
34. Re2 Rd4 35. Rd2 Rxd2 36. Bxd2 Nf6 37. Rh1 a6 38. Rh6 Ne4 39. Be1 Rg7 40. Rh2
b5 41. Ke2 bxc4 42. bxc4 Kc7 43. Kf3 Ng3 44. Rh3 Nf5 45. Bf2 Kb6 46. Rh5 Nd4+
47. Bxd4 cxd4 48. Rh6 Kc5 49. a4 Rd7 50. g3 fxg3 51. Kxg3 Kxc4 0-1

[Event "Xtracon Chess Open 2019"]
[Site "Helsingor DEN"]
[Date "2019.07.26"]
[Round "8.116"]
[White "Green, Per"]
[Black "Markussen, Bernt Olav"]
[Result "1-0"]
[WhiteElo "1959"]
[BlackElo "1761"]
[WhiteFideId "1703811"]
[BlackFideId "1538845"]
[EventDate "2019.07.20"]

1. c4 f5 2. Nf3 Nf6 3. g3 e6 4. Bg2 Be7 5. O-O O-O 6. d3 d6 7. d4 a5 8. Nc3 Ne4
9. Qc2 Nxc3 10. Qxc3 Bf6 11. Rd1 Qe7 12. Qc2 e5 13. dxe5 dxe5 14. e4 fxe4 15.
Qxe4 Nc6 16. Be3 g6 17. h4 Bf5 18. Qd5+ Be6 19. Qb5 Qb4 20. Bc5 Bxc4 21. Bxb4
Bxb5 22. Bxf8 Rxf8 23. Rd7 Rc8 24. Ng5 Nd4 25. Bd5+ 1-0

[Event "Xtracon Chess Open 2019"]
[Site "Helsingor DEN"]
[Date "2019.07.26"]
[Round "8.117"]
[White "Ramkilde, Mikael"]
[Black "Munksgaard, Bo"]
[Result "0-1"]
[WhiteElo "1957"]
[BlackElo "1740"]
[WhiteFideId "1439391"]
[BlackFideId "1407473"]
[EventDate "2019.07.20"]

1. e4 e6 2. d4 d5 3. Nc3 Nf6 4. Bg5 Be7 5. e5 Nfd7 6. h4 b6 7. Nb5 a6 8. Bxe7
Kxe7 9. Nc3 c5 10. Qg4 Rg8 11. dxc5 bxc5 12. f4 Nc6 13. Bd3 g6 14. Nf3 Qb6 15.
f5 Qxb2 16. Nxd5+ exd5 17. O-O Ndxe5 18. Nxe5 Nxe5 19. f6+ Kd8 20. Qg3 Qc3 21.
Rad1 Be6 22. Rfe1 Nd7 23. Re3 Qxf6 24. Rf1 Qd4 25. Qe1 c4 26. c3 Qb6 27. Bc2 Ne5
28. Kh1 Ng4 29. Ref3 Qd6 30. Rf4 h5 31. Qd2 Kc7 32. Qd4 Rab8 33. Qa7+ Rb7 34.
Qd4 Kb8 35. g3 Rb2 36. Bd1 Qb6 37. Rxg4 hxg4 0-1

[Event "Xtracon Chess Open 2019"]
[Site "Helsingor DEN"]
[Date "2019.07.26"]
[Round "8.118"]
[White "Hamalainen, Joel"]
[Black "Taksrud, Vidar"]
[Result "0-1"]
[WhiteElo "1736"]
[BlackElo "1942"]
[WhiteFideId "516660"]
[BlackFideId "1502158"]
[EventDate "2019.07.20"]

1. e4 d5 2. exd5 Nf6 3. Bb5+ Nbd7 4. Nc3 g6 5. Nf3 Bg7 6. O-O O-O 7. d4 Nb6 8.
Be3 Nfxd5 9. Nxd5 Nxd5 10. Bd2 c6 11. Be2 Bf5 12. c3 Qc7 13. Qc1 Rfe8 14. Nh4
Be6 15. Nf3 Rad8 16. Bh6 Bg4 17. Bxg7 Kxg7 18. g3 Qd7 19. Ne5 Bxe2 20. Nxd7 Bxf1
21. Kxf1 Rxd7 22. c4 Nf6 23. Qf4 Red8 24. Qe5 Rxd4 25. Qxe7 R8d7 26. Qc5 Ne4 27.
Qxa7 Rd2 28. f3 Rf2+ 29. Qxf2 Nxf2 30. Kxf2 Rd2+ 31. Ke3 Rxb2 32. h4 Kf6 33. c5
Ke6 34. Kf4 Rc2 35. Re1+ Kf6 36. g4 Rxc5 37. g5+ Kg7 38. Re7 b5 39. Rc7 Rc4+ 40.
Kg3 b4 41. Kh3 c5 42. Kg3 Kf8 43. Kh3 Ke8 44. Kg3 Rc2 45. Kf4 c4 46. Rb7 Rb2 47.
Ke3 b3 48. a4 c3 49. Rc7 c2 50. Kd2 Rb1 51. a5 Rd1+ 0-1

[Event "Xtracon Chess Open 2019"]
[Site "Helsingor DEN"]
[Date "2019.07.26"]
[Round "8.119"]
[White "Halldorsson, Tobias Kjar"]
[Black "Christensen, Jacob Foged"]
[Result "1/2-1/2"]
[WhiteElo "1730"]
[BlackElo "1937"]
[WhiteFideId "1464701"]
[BlackFideId "1439073"]
[EventDate "2019.07.20"]

1. e4 c5 2. Nc3 g6 3. d4 cxd4 4. Qxd4 Nf6 5. Be3 Nc6 6. Qd2 Bg7 7. f3 d6 8.
O-O-O Be6 9. Nd5 Rb8 10. Kb1 b5 11. Ne2 b4 12. Nd4 Nxd4 13. Bxd4 Qa5 14. Bc4
Bxd5 15. exd5 Qc7 16. Qe2 O-O 17. Rhe1 Rfc8 18. Bb3 Kf8 19. Rd3 Rb7 20. c3 bxc3
21. Rxc3 Qb8 22. Rxc8+ Qxc8 23. Rc1 Qd7 24. Qc4 Ne8 25. g4 Rc7 26. Bxg7+ Kxg7
27. Qd4+ Kg8 28. Re1 Nf6 29. h4 h5 30. Rg1 Qc8 31. a3 Rc5 32. Ka2 a5 33. g5 Nd7
34. f4 Nb6 35. Re1 Qb7 36. a4 Nxd5 37. Bxd5 Rxd5 38. Qe4 Kf8 39. Rd1 e6 40. Rxd5
exd5 41. Qd4 Ke8 42. Qh8+ Kd7 43. Qf6 Kc6 44. Qc3+ 1/2-1/2

[Event "Xtracon Chess Open 2019"]
[Site "Helsingor DEN"]
[Date "2019.07.26"]
[Round "8.120"]
[White "Nielsen, Aage Sondergaard"]
[Black "Brokso, Kim"]
[Result "1-0"]
[WhiteElo "1936"]
[BlackElo "1732"]
[WhiteFideId "1409859"]
[BlackFideId "1441477"]
[EventDate "2019.07.20"]

1. c4 g6 2. d4 Bg7 3. e4 d6 4. Nf3 Nd7 5. Nc3 c5 6. d5 Ngf6 7. Bd3 O-O 8. h3 a6
9. Be3 Rb8 10. a4 Nh5 11. g4 Bxc3+ 12. bxc3 Ng7 13. Qd2 e5 14. Bh6 Qa5 15. O-O
Nf6 16. Nh2 Bd7 17. f4 exf4 18. Rxf4 Nfe8 19. Raf1 f6 20. Bg5 Bxa4 21. h4 Qc7
22. Qf2 Qe7 23. h5 gxh5 24. Qh4 Nf5 25. Rxf5 Bd7 26. Bxf6 Nxf6 27. Rxf6 1-0

[Event "Xtracon Chess Open 2019"]
[Site "Helsingor DEN"]
[Date "2019.07.26"]
[Round "8.121"]
[White "Jarlskov, Daniel Tuk Hartso"]
[Black "Hyldkrog, Lars"]
[Result "1/2-1/2"]
[BlackTitle "CM"]
[WhiteElo "1716"]
[BlackElo "1932"]
[WhiteFideId "1463896"]
[BlackFideId "1402781"]
[EventDate "2019.07.20"]

1. d4 Nf6 2. c4 e6 3. Nf3 d5 4. g3 Bb4+ 5. Nbd2 O-O 6. Bg2 Ne4 7. O-O Nxd2 8.
Bxd2 Be7 9. Qc2 Nd7 10. Rac1 c6 11. Bf4 Nf6 12. a3 a5 13. c5 a4 14. b4 axb3 15.
Qxb3 Ne4 16. Nd2 e5 17. Nxe4 exf4 18. Nc3 fxg3 19. hxg3 Qa5 20. Ra1 Bf6 21. e3 1/2-1/2

[Event "Xtracon Chess Open 2019"]
[Site "Helsingor DEN"]
[Date "2019.07.26"]
[Round "8.122"]
[White "Wheat, Bob"]
[Black "Rygg, Andreas Gangstad"]
[Result "0-1"]
[WhiteElo "1702"]
[BlackElo "1923"]
[WhiteFideId "30913640"]
[BlackFideId "1527754"]
[EventDate "2019.07.20"]

1. e4 c5 2. Nf3 g6 3. c3 Bg7 4. d4 cxd4 5. cxd4 d5 6. e5 Nc6 7. Nc3 Bf5 8. Be3
Qd7 9. a3 f6 10. Bb5 a6 11. Qa4 Rc8 12. Bxc6 Rxc6 13. Qd1 Nh6 14. Qd2 Nf7 15.
Rd1 Be6 16. Ke2 fxe5 17. dxe5 Nxe5 18. Nxe5 Bxe5 19. Bd4 Qc7 20. Rhe1 O-O 21.
Kf1 Bxd4 22. Qxd4 Qb6 23. Qxb6 Rxb6 24. Nxd5 Bxd5 25. Rxd5 Rxb2 26. Rxe7 Rbxf2+
27. Ke1 R2f7 28. Rdd7 Rxe7+ 29. Rxe7 Rf7 30. Re8+ Kg7 31. Rb8 Rd7 32. Ke2 Kf6
33. Ke3 Ke5 34. Rc8 h5 35. h4 b5 36. Rg8 Rd6 37. Re8+ Kf5 38. Re4 Re6 39. Rxe6
Kxe6 40. Ke4 a5 41. g3 b4 42. a4 b3 43. Kd3 Kf5 44. Kc3 Kg4 45. Kxb3 Kxg3 46.
Kc4 Kxh4 47. Kb5 Kg3 48. Kxa5 h4 49. Kb6 h3 0-1

[Event "Xtracon Chess Open 2019"]
[Site "Helsingor DEN"]
[Date "2019.07.26"]
[Round "8.123"]
[White "Undheim, Bjarne"]
[Black "Horslund, Mikael"]
[Result "1-0"]
[WhiteElo "1892"]
[BlackElo "1716"]
[WhiteFideId "1506862"]
[BlackFideId "1421042"]
[EventDate "2019.07.20"]

1. e4 d6 2. d4 Nf6 3. Nc3 c6 4. f4 Qa5 5. e5 Nd5 6. Bd2 Qc7 7. Nf3 Nxc3 8. Bxc3
Bg4 9. Bd3 e6 10. h3 Bxf3 11. Qxf3 d5 12. f5 Na6 13. O-O-O O-O-O 14. fxe6 fxe6
15. Rhf1 Nb4 16. Bxb4 Bxb4 17. Qg4 Qd7 18. Rf2 Rdf8 19. Rdf1 Rxf2 20. Rxf2 Rf8
21. Rxf8+ Bxf8 22. Qf3 Be7 23. Bxh7 c5 24. Qg4 cxd4 25. Bg8 Kb8 26. Bxe6 Qa4 27.
Bxd5 Qa5 28. Qe4 Bg5+ 29. Kb1 Qd2 30. a3 Qc1+ 31. Ka2 b5 32. Qf5 1-0

[Event "Xtracon Chess Open 2019"]
[Site "Helsingor DEN"]
[Date "2019.07.26"]
[Round "8.124"]
[White "Ben Porat, Zeev"]
[Black "Opseth, Oliver"]
[Result "1/2-1/2"]
[WhiteElo "1888"]
[BlackElo "1714"]
[WhiteFideId "2801051"]
[BlackFideId "1523813"]
[EventDate "2019.07.20"]

1. e4 c5 2. Nf3 Nc6 3. c3 d6 4. d4 Nf6 5. d5 Ne5 6. Nxe5 dxe5 7. Bg5 Bd7 8. Nd2
b5 9. Be2 Qb6 10. O-O e6 11. Bxf6 gxf6 12. c4 b4 13. f4 Bh6 14. fxe5 fxe5 15.
Bh5 O-O-O 16. Bxf7 Rdf8 17. Bh5 Qd8 18. Rxf8 Rxf8 19. Qe2 Qh4 20. Nf1 Bf4 21.
Rd1 Rf6 22. Qg4 Qxg4 23. Bxg4 exd5 24. Bxd7+ Kxd7 25. Rxd5+ Kc6 26. b3 Bc1 27.
Rxe5 Bb2 28. Rf5 Re6 29. Ng3 Be5 30. Kf2 Bxg3+ 31. Kxg3 Rxe4 32. Rf6+ Kc7 33.
Rf7+ Kb6 34. Rf4 Re2 35. Rf2 Re4 36. Kf3 Rd4 37. g4 Kc6 38. h3 Rd3+ 39. Kg2 Kd6
40. Re2 a5 41. g5 a4 42. bxa4 Rc3 43. a5 Rxc4 44. a6 Rc3 45. Rf2 Ke5 46. Rf7 Ra3
47. a7 Rxa2+ 48. Kg3 b3 49. Rxh7 b2 50. Rb7 Rxa7 51. Rxb2 Kf5 52. h4 Ra3+ 53.
Kh2 Kg4 54. Rg2+ Kxh4 55. g6 Ra8 56. g7 Rg8 1/2-1/2

[Event "Xtracon Chess Open 2019"]
[Site "Helsingor DEN"]
[Date "2019.07.26"]
[Round "8.125"]
[White "Nielsen, Jorgen Kamp"]
[Black "Jacobsen, Heidrikur T."]
[Result "1/2-1/2"]
[WhiteElo "1711"]
[BlackElo "1885"]
[WhiteFideId "1413279"]
[BlackFideId "7200340"]
[EventDate "2019.07.20"]

1. e4 d6 2. d4 g6 3. Nf3 Bg7 4. Bc4 Nf6 5. Qe2 O-O 6. e5 dxe5 7. dxe5 Nd5 8. h3
c6 9. O-O b5 10. Bb3 Be6 11. Bd2 Qb6 12. Nc3 Nxc3 13. Bxc3 Bxb3 14. axb3 c5 15.
Ba5 Qc6 16. b4 c4 17. Rad1 e6 18. Nd4 Qd5 19. f4 Nc6 20. Nxc6 Qxc6 21. c3 1/2-1/2

[Event "Xtracon Chess Open 2019"]
[Site "Helsingor DEN"]
[Date "2019.07.26"]
[Round "8.126"]
[White "Fjallheim, Leif Reinert"]
[Black "Nielsen, Kai Gylling"]
[Result "1-0"]
[WhiteElo "1883"]
[BlackElo "1709"]
[WhiteFideId "7201788"]
[BlackFideId "1406400"]
[EventDate "2019.07.20"]

1. d4 Nf6 2. Bf4 d6 3. e3 g6 4. Nd2 Bg7 5. c3 O-O 6. Be2 Nbd7 7. h4 Nd5 8. Bh2
e5 9. dxe5 dxe5 10. h5 g5 11. Ne4 c6 12. Nf3 h6 13. Nd6 Qf6 14. Nxc8 Raxc8 15.
Qc2 Rfe8 16. Nd2 Qe6 17. g4 b5 18. Ne4 N5f6 19. Rg1 Nxe4 20. Qxe4 Nc5 21. Qc2
Rcd8 22. b3 Rd7 23. Rd1 Red8 24. Rxd7 Rxd7 25. b4 Na4 26. e4 Qd6 27. a3 a6 28.
Rg3 Qe6 29. Re3 Bf8 30. f3 Nb6 31. Rd3 Rxd3 32. Bxd3 Nc4 33. Bxc4 Qxc4 34. Bxe5
Bg7 35. Bxg7 Kxg7 36. Kf2 c5 37. Ke3 cxb4 38. axb4 Qf1 39. Qe2 Qxe2+ 40. Kxe2
Kf6 41. Kd3 Ke5 42. Ke3 f6 43. Ke2 Kd6 44. Kd2 Ke6 45. Kd3 Ke5 46. Ke3 Kd6 47.
f4 Ke6 48. fxg5 1-0

[Event "Xtracon Chess Open 2019"]
[Site "Helsingor DEN"]
[Date "2019.07.26"]
[Round "8.127"]
[White "Olsen, Karsten Kierkegaard"]
[Black "Klitgaard, Ebbe"]
[Result "1/2-1/2"]
[WhiteElo "1670"]
[BlackElo "1882"]
[WhiteFideId "1416944"]
[BlackFideId "1414941"]
[EventDate "2019.07.20"]

1. e4 d5 2. exd5 Qxd5 3. Nf3 Nf6 4. Be2 Bf5 5. O-O c6 6. c4 Qd8 7. d4 e6 8. Nc3
Be7 9. h3 h6 10. Bd3 Bxd3 11. Qxd3 O-O 12. Be3 Nbd7 13. Rad1 Qc7 14. Qc2 Nb6 15.
b3 Rac8 16. Ne2 Nbd7 17. Qb1 Qb8 18. Bf4 Bd6 19. Bxd6 Qxd6 20. Nc3 Qc7 21. Rfe1
Rfd8 22. Ne4 Nxe4 23. Rxe4 Nf6 24. Ree1 Qf4 25. Qc1 1/2-1/2

[Event "Xtracon Chess Open 2019"]
[Site "Helsingor DEN"]
[Date "2019.07.26"]
[Round "8.128"]
[White "Rasmussen, Morten Fredsgaard2"]
[Black "Madison, Sigurd"]
[Result "1-0"]
[WhiteElo "1882"]
[BlackElo "1700"]
[WhiteFideId "1410636"]
[BlackFideId "1711806"]
[EventDate "2019.07.20"]

1. d4 d5 2. Bf4 c6 3. Nf3 Nf6 4. Nbd2 Nbd7 5. e3 g6 6. c4 Bg7 7. Bd3 O-O 8. O-O
Nh5 9. Bg5 f6 10. Bh4 f5 11. Qb3 Ndf6 12. Ne5 Qd6 13. f4 Ne4 14. Bxe4 fxe4 15.
cxd5 Qxd5 16. Bxe7 Re8 17. Bh4 Be6 18. Qxb7 Reb8 19. Qxc6 Qxc6 20. Nxc6 Rxb2 21.
Rf2 Rb6 22. Rc1 Nf6 23. Bxf6 Bxf6 24. Nxe4 Bg7 25. Ne5 Re8 26. Nc5 Reb8 27. Ncd7
Rb1 28. Rc2 Bxe5 29. Nxe5 1-0

[Event "Xtracon Chess Open 2019"]
[Site "Helsingor DEN"]
[Date "2019.07.26"]
[Round "8.129"]
[White "Koch-Muller, Oscar"]
[Black "Hina, Ariza"]
[Result "1/2-1/2"]
[WhiteElo "1866"]
[BlackElo "1651"]
[WhiteFideId "1447955"]
[BlackFideId "1525441"]
[EventDate "2019.07.20"]

1. d4 d5 2. c4 c6 3. Nc3 Nf6 4. e3 e6 5. Nf3 Nbd7 6. Qc2 Be7 7. b3 c5 8. cxd5
exd5 9. Bb2 O-O 10. Rd1 Re8 11. Bb5 cxd4 12. Nxd4 a6 13. Be2 Nb6 14. O-O Be6 15.
Bf3 Rc8 16. Qd3 Qc7 17. Rc1 Qd6 18. Nf5 Qd7 19. Nxe7+ Rxe7 20. Rfd1 Bg4 21. Bxg4
Qxg4 22. h3 Qe6 23. Ne2 Rec7 24. Rxc7 Rxc7 25. Nf4 Qe7 26. Bxf6 Qxf6 27. Nxd5
Nxd5 28. Qxd5 g6 29. Rd2 Qa1+ 30. Kh2 Qc1 31. Qd8+ Kg7 32. Qd4+ Kf8 33. Qd8+ Kg7
34. Rd7 Rxd7 35. Qxd7 Qc2 36. f3 Qxa2 37. Qxb7 Qd2 38. Qb6 Qc2 39. Qd4+ Kg8 40.
Qd8+ Kg7 41. Qd4+ Kg8 42. b4 Qc7+ 43. f4 Qb8 44. Qc5 Qb7 45. Qd6 Qb5 46. Qd8+
Kg7 47. Qd4+ Kg8 48. e4 Qb8 49. e5 Qe8 50. Qe4 Qe6 51. Qc2 Qb6 52. Qd2 Qe6 53.
g4 Kg7 54. Kg3 h6 55. Kg2 Qc6+ 56. Kh2 Qe4 57. h4 Qf3 58. g5 hxg5 59. hxg5 Qg4
60. Qf2 Qf5 61. Kg3 Qd3+ 62. Qf3 Qc4 63. f5 gxf5 64. Qxf5 Qc3+ 65. Qf3 Qxe5+ 1/2-1/2

[Event "Xtracon Chess Open 2019"]
[Site "Helsingor DEN"]
[Date "2019.07.26"]
[Round "8.130"]
[White "Sundin, Sven-Ingvar"]
[Black "Saravana, Vedant Kumar"]
[Result "0-1"]
[WhiteElo "1632"]
[BlackElo "1861"]
[WhiteFideId "1724517"]
[BlackFideId "45059730"]
[EventDate "2019.07.20"]

1. e4 e5 2. Nf3 Nc6 3. d4 exd4 4. Nxd4 Bc5 5. Be3 Qf6 6. c3 Nge7 7. Bc4 Ne5 8.
Be2 d6 9. O-O Qg6 10. f3 O-O 11. Nd2 Bb6 12. Bf2 d5 13. Kh1 dxe4 14. Nxe4 f5 15.
Ng3 Kh8 16. Re1 f4 17. Ne4 Bf5 18. Nxf5 Nxf5 19. Bxb6 axb6 20. Rg1 Rad8 21. Qc1
Ne3 22. g3 Nd3 23. Bxd3 Rxd3 24. Nf2 Qc6 25. Ne4 fxg3 26. Rxg3 Rxf3 0-1

[Event "Xtracon Chess Open 2019"]
[Site "Helsingor DEN"]
[Date "2019.07.26"]
[Round "8.131"]
[White "Lodahl, Holger Ronnow"]
[Black "Shehzad, Alisha"]
[Result "0-1"]
[WhiteElo "1859"]
[BlackElo "1637"]
[WhiteFideId "1427342"]
[BlackFideId "1521926"]
[EventDate "2019.07.20"]

1. d4 Nf6 2. c4 e6 3. Nc3 Bb4 4. f3 c5 5. a3 Bxc3+ 6. bxc3 Nc6 7. e3 O-O 8. Bd3
b6 9. Nh3 Ba6 10. Qe2 Na5 11. O-O cxd4 12. exd4 Rc8 13. Re1 Bxc4 14. Bg5 d5 15.
Nf2 Qc7 16. Bxf6 gxf6 17. Ng4 Qf4 18. g3 Bxd3 19. Qxd3 Qg5 20. Kf2 Rc6 21. h4
Qg6 22. Nxf6+ Qxf6 23. Re5 Kh8 0-1

[Event "Xtracon Chess Open 2019"]
[Site "Helsingor DEN"]
[Date "2019.07.26"]
[Round "8.132"]
[White "Haraldsson, Leif"]
[Black "Borrmann, Laurenz"]
[Result "1/2-1/2"]
[WhiteElo "1857"]
[BlackElo "1623"]
[WhiteFideId "1710648"]
[BlackFideId "312187930"]
[EventDate "2019.07.20"]

1. f4 d5 2. Nf3 Bg4 3. e3 e6 4. h3 Bh5 5. d3 c5 6. Nbd2 Bd6 7. Be2 d4 8. Ne4 Be7
9. O-O dxe3 10. Bxe3 Nd7 11. Qe1 Ngf6 12. g4 Bg6 13. Ng3 h5 14. g5 Nd5 15. Bd2
Qb6 16. Nh4 c4+ 1/2-1/2